Wszystkie państwa odwiedzone przeze mnie - Statystyki

Ogólne statystyki
  • Ten quiz został rozwiązany 37 razy
  • Średni wynik to 37 z 50
Odpowiedzi na mapie
Odpowiedzi zakodowano w zielono-czerwonej skali na mapie do tego quizu, zgodnie z poniższymi procentami.
 
Statystyki odpowiedzi
Odpowiedź % Poprawnych
Polska
97%
Niemcy
88%
Francja
85%
Białoruś
82%
Chorwacja
82%
Czechy
82%
Hiszpania
82%
Litwa
82%
Słowacja
82%
Ukraina
82%
Wielka Brytania
82%
Włochy
82%
Belgia
79%
Bułgaria
79%
Estonia
79%
Finlandia
79%
Holandia
79%
Irlandia
79%
Islandia
79%
Łotwa
79%
Norwegia
79%
Portugalia
79%
Rumunia
79%
Szwecja
79%
Watykan
79%
Albania
76%
Austria
76%
Dania
76%
Grecja
76%
San Marino
76%
Słowenia
76%
Szwajcaria
76%
Turcja
76%
Andora
73%
Bośnia i Hercegowina
73%
Cypr
73%
Czarnogóra
73%
Kosowo
73%
Macedonia Północna
73%
Serbia
73%
Węgry
73%
Liechtenstein
70%
Luksemburg
70%
Malta
70%
Monako
61%
Gruzja
58%
Izrael
52%
Tunezja
39%
Zjednoczone Emiraty Arabskie
39%
Jordania
24%
Nie znaleziono quizów pasujących do podanych kryteriów
Rozkład punktacji
Procent ludzi z każdym wynikiem
Percentyl według liczby udzielonych odpowiedzi
Twoja historia wyników
Nie rozwiązałeś tego quizu